书目信息 |
| 题名: |
地质力学及其在水文地质工程地质方面的应用
|
|
| 作者: | 刘国昌 编 | |
| 分册: | ||
| 出版信息: | 北京 地质出版社 1979.04 |
|
| 页数: | 307页 | |
| 开本: | 32开 | |
| 丛书名: | ||
| 单 册: | ||
| 中图分类: | P55 | |
| 科图分类: | ||
| 主题词: | 地质力学 | |
| 电子资源: | ||
| ISBN: | ||
| 000 | 00597nam0 2200193 45 | |
| 001 | 0006201038 | |
| 005 | 20000620104452.3 | |
| 010 | @d1.90元 | |
| 100 | @a20000620d1979 km y0chiy0120 ea | |
| 101 | 0 | @achi |
| 105 | @a z 000yy | |
| 200 | 1 | @a地质力学及其在水文地质工程地质方面的应用@ADi Zhi Li Xue Ji Qi Zai Shui Wen Di Zhi Gong Cheng Di Zhi Fang Mian De Ying Yong@f刘国昌编@FLiu Guo Chang Bian |
| 210 | @a北京@c地质出版社@d1979.04 | |
| 215 | @a307页@d32开 | |
| 606 | 0 | @a地质力学 |
| 690 | @aP55@v3 | |
| 701 | 0 | @a刘国昌@4编 |
| 801 | @aCN@bPftUser@c20000620 | |
| 905 | @b208857-858@dP55@eL111@f2 | |
| 地质力学及其在水文地质工程地质方面的应用/刘国昌编.-北京:地质出版社,1979.04 |
| 307页;32开 |
| ISBN :1.90元 |
| ● |
| 相关链接 |
|
|
|
正题名:地质力学及其在水文地质工程地质方面的应用
索取号:P55/L111
 
预约/预借
| 序号 | 登录号 | 条形码 | 馆藏地/架位号 | 状态 | 备注 |
| 1 | 208857 | 202088579 | 期刊室512/401自科库 124排1列3层/ [索取号:P55/L111] | 在馆 | |
| 2 | 208858 | 202088588 | 自科库401/401自科库 124排1列3层/ [索取号:P55/L111] | 在馆 |